Grandes villes du Moyen-Orient - Statistiques

Statistiques générales
  • Ce quiz a été pris 432 fois
    383 depuis la dernière actualisation
  • Le résultat moyen est 20 sur 34
Statistiques - réponses
Population Pays Ville % Correct
16 300 000 Égypte Le Caire
98%
14 700 000 Turquie Istanbul
97%
5 300 000 Turquie Ankara
96%
15 300 000 Iran Téhéran
94%
8 800 000 Irak Bagdad
92%
5 700 000 ÉmiratsArabes Unis Dubaï
91%
6 500 000 Arabie Saoudite Riyad
89%
3 950 000 Israël Tel Aviv
85%
5 640 000 ÉmiratsArabes Unis Abou Dabi
84%
2 200 000 Liban Beyrouth
84%
5 000 000 Égypte Alexandrie
81%
2 380 000 Qatar Doha
81%
2 380 000 Koweit Koweit
80%
1 700 000 Syrie Damas
79%
4 000 000 Jordanie Amman
75%
2 160 000 Yémen Sanaa
70%
1 850 000 Palestine Gaza
65%
1 675 000 ArabieSaoudite La Mecque
65%
1 600 000 Oman Mascate
58%
4 110 000 Turquie Izmir
56%
4 300 000 ArabieSaoudite Djeddah
52%
1 800 000 Syrie Alep
50%
2 320 000 Turquie Antalya
42%
2 700 000 Irak Mossoul
40%
3 980 000 Iran Ispahan
36%
2 750 000 Irak Bassora
26%
2 840 000 Turquie Bursa
22%
1 500 000 Turquie Gaziantep
21%
3 370 000 Iran Machhad
20%
1 870 000 Iran Chiraz
18%
1 580 000 Iran Tabriz
17%
1 740 000 Turquie Adana
16%
1 750 000 Irak Erbil
15%
1 960 000 Iran Karadj
1%
Aucun quiz correspondant
Distribution des résultats
% des personnes avec chaque résultat
Percentile par nombre de réponses
Votre historique - résultats
Vous n’avez pas pris ce quiz depuis la dernière actualisation